<?xml version="1.0" encoding="UTF-8"?>
<record
    xmlns:xsi="http://www.w3.org/2001/XMLSchema-instance"
    xsi:schemaLocation="http://www.loc.gov/MARC21/slim http://www.loc.gov/standards/marcxml/schema/MARC21slim.xsd"
    xmlns="http://www.loc.gov/MARC21/slim">

  <leader>01491nam a2200301 i 4500</leader>
  <controlfield tag="001">178885</controlfield>
  <controlfield tag="003">ES-MaACL</controlfield>
  <controlfield tag="005">20250903013328.0</controlfield>
  <controlfield tag="008">110727s2006    sp d         |||| | spa d</controlfield>
  <datafield tag="020" ind1=" " ind2=" ">
    <subfield code="a">84-8127-156-X</subfield>
  </datafield>
  <datafield tag="080" ind1=" " ind2=" ">
    <subfield code="a">51:37.02(063)</subfield>
  </datafield>
  <datafield tag="110" ind1="2" ind2=" ">
    <subfield code="a">Sociedad Espa&#xF1;ola de Investigaci&#xF3;n en Educaci&#xF3;n Matem&#xE1;tica. </subfield>
    <subfield code="b">Simposio </subfield>
    <subfield code="n">(10&#xBA;. </subfield>
    <subfield code="d">2006. </subfield>
    <subfield code="c">Huesca)</subfield>
    <subfield code="9">147453</subfield>
  </datafield>
  <datafield tag="245" ind1="1" ind2="0">
    <subfield code="a">Investigaci&#xF3;n en educaci&#xF3;n matem&#xE1;tica </subfield>
    <subfield code="b">: actas del X Simposio de la Sociedad Espa&#xF1;ola de Investigaci&#xF3;n en Educaci&#xF3;n Matem&#xE1;tica : Huesca, 6-9 de septiembre de 2006 / </subfield>
    <subfield code="c">editoras, Pilar Bolea Catal&#xE1;n, M&#xAA; Jos&#xE9; Gonz&#xE1;lez L&#xF3;pez, Mar Moreno Moreno.</subfield>
  </datafield>
  <datafield tag="246" ind1="3" ind2="4">
    <subfield code="a">Simposio de la SEIEM. </subfield>
    <subfield code="n">10&#xBA;</subfield>
  </datafield>
  <datafield tag="260" ind1=" " ind2=" ">
    <subfield code="a">Huesca : </subfield>
    <subfield code="b">Instituto de Estudios Altoaragoneses ; </subfield>
    <subfield code="a">Zaragoza :</subfield>
    <subfield code="b">Universidad de Zaragoza, </subfield>
    <subfield code="c">[2006]</subfield>
  </datafield>
  <datafield tag="300" ind1=" " ind2=" ">
    <subfield code="a">308 p. : </subfield>
    <subfield code="b">gr&#xE1;f. ; </subfield>
    <subfield code="c">24 cm.</subfield>
  </datafield>
  <datafield tag="504" ind1=" " ind2=" ">
    <subfield code="a">Referencias bibliogr&#xE1;ficas.</subfield>
  </datafield>
  <datafield tag="650" ind1=" " ind2="7">
    <subfield code="a">Matem&#xE1;ticas-</subfield>
    <subfield code="x">Estudio y ense&#xF1;anza-</subfield>
    <subfield code="v">Congresos y asambleas</subfield>
    <subfield code="2"></subfield>
    <subfield code="9">147449</subfield>
  </datafield>
  <datafield tag="700" ind1="1" ind2=" ">
    <subfield code="a">Bolea Catal&#xE1;n, Pilar.</subfield>
    <subfield code="9">147450</subfield>
  </datafield>
  <datafield tag="700" ind1="1" ind2=" ">
    <subfield code="a">Gonz&#xE1;lez L&#xF3;pez, Mar&#xED;a Jos&#xE9;.</subfield>
    <subfield code="9">147451</subfield>
  </datafield>
  <datafield tag="700" ind1="1" ind2=" ">
    <subfield code="a">Moreno Moreno, Mar&#xED;a del Mar.</subfield>
    <subfield code="9">147452</subfield>
  </datafield>
  <datafield tag="710" ind1="2" ind2=" ">
    <subfield code="a">Instituto de Estudios Altoaragoneses.</subfield>
    <subfield code="9">4888</subfield>
  </datafield>
  <datafield tag="710" ind1="2" ind2=" ">
    <subfield code="a">Universidad de Zaragoza</subfield>
    <subfield code="9">7352</subfield>
  </datafield>
  <datafield tag="852" ind1=" " ind2=" ">
    <subfield code="a">ES-MaACL</subfield>
    <subfield code="j">A-11381</subfield>
    <subfield code="9">185751</subfield>
    <subfield code="b">R.142831</subfield>
    <subfield code="c">DEPO1</subfield>
    <subfield code="d">Olim: N-4385</subfield>
    <subfield code="x">Donaci&#xF3;n: Pilar Bolea Catal&#xE1;n</subfield>
  </datafield>
  <datafield tag="903" ind1=" " ind2=" ">
    <subfield code="9">147450</subfield>
    <subfield code="a">Bolea Catal&#xE1;n, Pilar</subfield>
    <subfield code="e">dnr</subfield>
  </datafield>
  <datafield tag="942" ind1=" " ind2=" ">
    <subfield code="2">udc</subfield>
    <subfield code="c">MONOGRAFIA</subfield>
  </datafield>
  <datafield tag="999" ind1=" " ind2=" ">
    <subfield code="c">178885</subfield>
    <subfield code="d">178885</subfield>
  </datafield>
  <datafield tag="952" ind1=" " ind2=" ">
    <subfield code="0">0</subfield>
    <subfield code="1">0</subfield>
    <subfield code="2">udc</subfield>
    <subfield code="4">0</subfield>
    <subfield code="7">0</subfield>
    <subfield code="a">ATENEOM</subfield>
    <subfield code="b">ATENEOM</subfield>
    <subfield code="c">DEPO1</subfield>
    <subfield code="d">2011-07-27</subfield>
    <subfield code="e">DONACION</subfield>
    <subfield code="l">0</subfield>
    <subfield code="o">A-11381</subfield>
    <subfield code="p">1187905</subfield>
    <subfield code="r">2023-02-23 00:00:00</subfield>
    <subfield code="w">2023-02-23</subfield>
    <subfield code="y">MONOGRAFIA</subfield>
  </datafield>
</record>
